Modelado a escala reducida de paredes de mampostería sometidas a esfuerzos de flexión y cortante

Na minha lista:
Detalhes bibliográficos
Autor principal: Marín Zamora, Oscar M
Formato: Livro
Idioma:Spanish
Publicado em: San José, C.R. 1996
Assuntos:
Tags: Adicionar Tag
Sem tags, seja o primeiro a adicionar uma tag!

MARC

LEADER 00000nam a2200000Ia 4500
003 008019
005 20221231144236.0
008 140114s1996 cr a m 000 ||spa d
040 |c cru CEDI 
090 |a TFG 3523 
100 |a Marín Zamora, Oscar M  |9 9775 
245 |a Modelado a escala reducida de paredes de mampostería sometidas a esfuerzos de flexión y cortante 
260 |c 1996  |a  San José, C.R. 
300 |a  xi, 89 hojas : ilustraciones  
500 |a  Proyecto de graduación (licenciatura en ingeniería civil)--Universidad de Costa Rica. Facultad de Ingeniería. Escuela de Ingeniería Civil 
650 |x MAMPOSTERIA  |9 9776 
942 |c TFG 
999 |c 18959  |d 18959